| 000 | 00857nam a2200217 a 4500 | ||
|---|---|---|---|
| 001 | 001171463 | ||
| 003 | AM-YeHGA | ||
| 005 | 20250617152616.0 | ||
| 008 | 160826s1977 ||| r 000 0 rus d | ||
| 040 | _aAM-YeHGA | ||
| 041 | 0 | _arus | |
| 100 | 1 | _aГусев, А.А. | |
| 245 | 1 | 0 |
_aСверхвысокочастотные приборы / _cА.А. Гусев, Ю.А. Гусев; Казан. гос. ун-т им. В.И. Ульянова-Ленина. |
| 260 |
_aКазань : _bИзд-во Казан. ун-та, _c1977. |
||
| 300 |
_a76 с. : _bил. |
||
| 504 | _aБиблиогр.: с. 75 | ||
| 653 | 0 | _aСверхвысокочастотные приборы | |
| 700 | 1 | _aГусев, Ю.А. | |
| 710 | 2 | _aКазанский государственный университет им. В.И. Ульянова-Ленина | |
| 090 | _c375969 | ||
| 999 |
_c374086 _d374086 |
||